000 00641nam a2200193Ia 4500
020 _a9780078281457
040 _cWIT
082 _a111 GLE 2002 C295 Or.
245 0 0 _aGlencoe literature :
_bthe reader's choice.
246 3 0 _aLiterature
260 _aNew York, N.Y. :
_bGlencoe McGraw-Hill,
_cc2002
300 _av. :
_bill. ;
_c24-32 cm.
_e+ cassette, computer optical discs + guides, videocassettes, teacher resources :
_ccassette in container (13 x 13 x 9 cm.)
500 _aTeacher resource kit
500 _aIncludes index
650 0 _aLiterature
700 1 _aChin, Beverly Ann
710 2 _aGlencoe/McGraw-Hill
942 _cAEDBB
999 _c22261
_d22261